[Event "EU-chT Seniors 50"]
[Site "Dresden"]
[Date "2022.11.01"]
[Round "6.4"]
[White "Van Bentum, Horst"]
[Black "Richter, Ulrike"]
[Result "1/2-1/2"]
[WhiteElo "1979"]
[BlackElo "1908"]
[PlyCount "20"]
[EventDate "2022.10.27"]
[EventType "team-swiss"]
[EventRounds "9"]
[EventCountry "GER"]
[SourceTitle "EXT 2024"]
[Source "ChessBase"]
[SourceDate "2023.10.10"]
[SourceVersion "1"]
[SourceVersionDate "2023.10.10"]
[SourceQuality "1"]
[WhiteTeam "Graal Mueritz/Teterow 50"]
[BlackTeam "Germany (Women) 50"]
[WhiteTeamCountry "GER"]
[BlackTeamCountry "GER"]

1. d4 d5 2. Nf3 e6 3. Bf4 c5 4. c3 Nc6 5. e3 Nf6 6. Nbd2 Be7 7. Bd3 h6 8. Ne5 Nxe5 9. Bxe5 0-0 10. 0-0 b6 1/2-1/2

[Event "GER Seniors Derby 16th"]
[Site "Wesel Undeloh"]
[Date "2017.03.17"]
[Round "3"]
[White "Van Bentum, Horst"]
[Black "Holtmeier, Bernd"]
[Result "1-0"]
[WhiteElo "2068"]
[BlackElo "1582"]
[PlyCount "133"]
[EventDate "2017.03.16"]
[EventType "swiss"]
[EventRounds "7"]
[EventCountry "GER"]
[SourceTitle "EXT 2019"]
[Source "ChessBase"]
[SourceDate "2018.10.10"]
[SourceVersion "1"]
[SourceVersionDate "2018.10.10"]
[SourceQuality "1"]

1. e4 d5 2. exd5 Nf6 3. Nc3 Nxd5 4. Bc4 c6 5. Qf3 e6 6. Nge2 Be7 7. 0-0 0-0 8. d4 Nd7 9. Nxd5 exd5 10. Bd3 Nf6 11. h3 h6 12. Ng3 Be6 13. Nf5 Bxf5 14. Bxf5 Bd6 15. c3 Qc7 16. Bd3 Nh7 17. Qg4 Kh8 18. Bd2 Rae8 19. Rfe1 Qd8 20. a3 Rxe1+ 21. Rxe1 Re8 22. Re3 Rxe3 23. Bxe3 Nf6 24. Qf5 Qd7 25. Qf3 Qe7 26. Qf5 Qd7 27. g4 Qxf5 28. Bxf5 g5 29. Kg2 b6 30. h4 gxh4 31. Bxh6 Ng8 32. Bg5 Be7 33. Bf4 Kg7 34. Kh3 Nh6 35. Bd7 c5 36. g5 Ng8 37. Kxh4 Kg6 38. Kg4 cxd4 39. Bf5+ Kg7 40. cxd4 Bd8 41. Bb8 a5 42. Bd7 f6 43. f4 fxg5 44. fxg5 Kf7 45. Kf5 Ne7+ 46. Ke5 Ng6+ 47. Kxd5 Bxg5 48. b4 axb4 49. axb4 Ne7+ 50. Kc4 Ng6 51. Bc7 Ke7 52. Bg4 b5+ 53. Kxb5 Be3 54. Kc5 Nf4 55. b5 Ne6+ 56. Bxe6 Kxe6 57. b6 Kd7 58. Be5 Kc8 59. Kc6 Bxd4 60. Bxd4 Kb8 61. Be5+ Kc8 62. b7+ Kd8 63. b8Q+ Ke7 64. Qd6+ Kf7 65. Qf6+ Ke8 66. Qg7 Kd8 67. Qd7# 1-0

[Event "WchT Seniors 50"]
[Site "Radebeul"]
[Date "2016.06.27"]
[Round "2.1"]
[White "Van Bentum, Horst"]
[Black "Schultheis, Heinz"]
[Result "1/2-1/2"]
[WhiteElo "2071"]
[BlackElo "2114"]
[PlyCount "56"]
[EventDate "2016.06.26"]
[EventType "team-swiss"]
[EventRounds "9"]
[EventCountry "GER"]
[SourceTitle "CBM 173 Extra"]
[Source "ChessBase"]
[SourceDate "2016.08.29"]
[SourceVersion "1"]
[SourceVersionDate "2016.08.29"]
[SourceQuality "1"]
[WhiteTeam "Mecklenburg Vorpommern"]
[BlackTeam "Zeitz Schachfreunde"]
[WhiteTeamCountry "GER"]
[BlackTeamCountry "GER"]

1. e4 d6 2. d4 Nf6 3. Nc3 g6 4. Bg5 Bg7 5. e5 Nfd7 6. exd6 cxd6 7. Nf3 Nf6 8. Be2 Bg4 9. 0-0 0-0 10. Qd2 Nc6 11. h3 Bxf3 12. Bxf3 Re8 13. a3 Nd7 14. Be3 Na5 15. b3 Rc8 16. Rab1 Nc6 17. Ne2 Nf6 18. c4 d5 19. Rbc1 e6 20. Bg5 Qd7 21. Qf4 Ne4 22. Bxe4 dxe4 23. Qxe4 Nxd4 24. Nxd4 Bxd4 25. Rcd1 e5 26. Be3 Rcd8 27. Bg5 Rc8 28. Be3 Rcd8 1/2-1/2

[Event "WchT Seniors 50"]
[Site "Radebeul"]
[Date "2016.06.26"]
[Round "1.1"]
[White "Burchardt, Brigitte"]
[Black "Van Bentum, Horst"]
[Result "1/2-1/2"]
[WhiteElo "2177"]
[BlackElo "2071"]
[PlyCount "48"]
[EventDate "2016.06.26"]
[EventType "team-swiss"]
[EventRounds "9"]
[EventCountry "GER"]
[SourceTitle "CBM 173 Extra"]
[Source "ChessBase"]
[SourceDate "2016.08.29"]
[SourceVersion "1"]
[SourceVersionDate "2016.08.29"]
[SourceQuality "1"]
[WhiteTeam "Germany (Women)"]
[BlackTeam "Mecklenburg Vorpommern"]
[WhiteTeamCountry "GER"]
[BlackTeamCountry "GER"]

1. e4 e5 2. Bc4 Nc6 3. Nf3 Be7 4. d3 Nf6 5. 0-0 d6 6. c3 0-0 7. h3 Na5 8. Bb5 c5 9. Nbd2 Qc7 10. Re1 Bd7 11. Bxd7 Nxd7 12. b4 Nc6 13. b5 Nd8 14. Bb2 Ne6 15. d4 a6 16. a4 axb5 17. axb5 Bf6 18. dxe5 dxe5 19. Nc4 Nb6 20. Nfd2 Nf4 21. Qb3 Rfd8 22. Nxb6 Qxb6 23. Rxa8 Rxa8 24. Nf3 Nd3 1/2-1/2